00643 2200217 4500001002100000005001500021035002000036007000300056008004100059020002200100082001000122084001600132100003100148245007000179250000600249260003600255300004700291650004600338700002400384990001700408INLIS00000000000110720260519081034 a0010-0923000092ta260519 j 0 ind  a978-602-8798-41-9 a570.3 a570.3 ANN m0 aAnna Fauziah { Pengarang )1 aMiracles of Quran :bGeology /cAnna Fauziah ; Editor , Ratna SN a- aJakarta :bPustaka Lebah,c2013 a39 :bilus. ;gambar berwarna ;c28.5 cme- 4aIslam - Sejarah - Zaman Nabi Muhammad SAW0 aRatna SN ( Edotor ) a00034/K/2014